000 00686nam a2200289Ia 4500
005 20260324143416.0
008 008 260324s9999 xx 000 0 eng d
020 _a9781315274386
037 _aEBOOK
040 _aCRL
040 _beng
040 _cCRL
041 _2eng
041 _aeng
084 _qCRL
100 _aAmmon Aharony; Dietrich Stauffer
_91215520
245 0 _aIntroduction To Percolation Theory
245 0 _bSecond Edition
260 _bTaylor and Francis
260 _c1992
365 _a
365 _b475
856 _uhttp://www.taylorfrancis.com/books/9781315274386
942 _cEBOOK
999 _c1820892
_d1820892